[Event "SUI-ch op2"]
[Site "Luzern"]
[Date "1994.07.16"]
[Round "1"]
[White "Matter, Andre"]
[Black "Roelli, Raphael"]
[Result "0-1"]
[WhiteElo "1664"]
[BlackElo "1749"]
[PlyCount "40"]
[EventDate "1994.07.16"]
[EventType "swiss"]
[EventRounds "7"]
[EventCountry "SUI"]
[SourceTitle "EXT 1999"]
[Source "ChessBase"]
[SourceDate "1998.11.16"]
[SourceVersion "1"]
[SourceVersionDate "1998.11.16"]
[SourceQuality "1"]

1. Nf3 d5 2. d4 Bf5 3. e3 e6 4. c4 c6 5. Nc3 Nf6 6. cxd5 exd5 7. Be2 Bd6 8. 0-0 0-0 9. a3 Nbd7 10. b4 b5 11. Bb2 Nb6 12. Rc1 Nc4 13. Bxc4 bxc4 14. Na4 a5 15. Nc5 axb4 16. axb4 Ra2 17. Nb7 Qc7 18. Nxd6 Qxd6 19. Bc3 Bd3 20. Re1 Ne4 0-1